000 00281nam a2200109Ia 4500
008 190216s9999||||xx |||||||||||||| ||und||
100 _aParappurath
245 0 _aMalayalam-Shoonya Kiranangal
260 _bSahithya Pravarthaka Sahakarana Sangam
650 _aMalayalam
942 _cBK
999 _c24034
_d24034